000 00543nam a2200193Ia 4500
005 20250508153813.0
008 008 250505s9999 xx 000 0 eng d
037 _aTextual
040 _aFEDL
_beng
_cFEDL
041 _aeng
_2eng
084 _a371.3, THO
_qFEDL
100 _aThomas R Murray
245 0 _aWays of teaching in elementary schools
260 _aNew York, USA
_bLongmans, Green and Co
_c1955
300 _axiv,558p
650 _aTeaching Technique
942 _cTEXL
_h371.3, THO
999 _c1345591
_d1345591